[Event "FRA-ch blind 30th"]
[Site "Arras"]
[Date "2014.05.31"]
[Round "?"]
[White "Loyarte, Frederic"]
[Black "Duthoit, Bernard"]
[Result "1-0"]
[WhiteElo "1439"]
[BlackElo "1360"]
[PlyCount "91"]
[EventDate "2014.05.30"]
[EventType "swiss"]
[EventRounds "7"]
[EventCountry "FRA"]
[SourceTitle "EXT 2015"]
[Source "ChessBase"]
[SourceDate "2014.11.20"]
[SourceVersion "1"]
[SourceVersionDate "2014.11.20"]
[SourceQuality "1"]

1. d4 d5 2. c4 e6 3. Nc3 Nf6 4. Nf3 a6 5. Bg5 Be7 6. e3 0-0 7. c5 Ne4 8. Bxe7 Nxc3 9. Bxd8 Nxd1 10. Rxd1 Rxd8 11. Bd3 Nd7 12. 0-0 Nf6 13. Ne5 Bd7 14. Rc1 c6 15. b4 Be8 16. h3 Nd7 17. Nxd7 Rxd7 18. g4 f6 19. f4 Re7 20. Rce1 h5 21. g5 fxg5 22. fxg5 g6 23. Rf6 Kg7 24. Rf4 Bf7 25. h4 Rb8 26. a4 b5 27. cxb6 Rxb6 28. Rb1 Be8 29. a5 Rb8 30. Bxa6 Bd7 31. Bd3 Be8 32. Kf2 Rf7 33. Rxf7+ Kxf7 34. Kf3 Ke7 35. Kf4 Kd6 36. a6 Ra8 37. Rc1 Kc7 38. Rc5 Bd7 39. Ke5 Bc8 40. Ra5 Kb6 41. Kd6 Bxa6 42. Bxa6 Rxa6 43. Rxa6+ Kxa6 44. Kxc6 Ka7 45. b5 Kb8 46. b6 1-0

[Event "FRA-ch blind 30th"]
[Site "Arras"]
[Date "2014.05.31"]
[Round "4"]
[White "Loyarte, Frederic"]
[Black "Farthouat, Titoine"]
[Result "0-1"]
[WhiteElo "1439"]
[BlackElo "1350"]
[PlyCount "62"]
[EventDate "2014.05.30"]
[EventType "swiss"]
[EventRounds "7"]
[EventCountry "FRA"]
[SourceTitle "EXT 2015"]
[Source "ChessBase"]
[SourceDate "2014.11.20"]
[SourceVersion "1"]
[SourceVersionDate "2014.11.20"]
[SourceQuality "1"]

1. d4 d5 2. c4 dxc4 3. e4 c5 4. Bxc4 Qxd4 5. Qxd4 cxd4 6. Nf3 Nc6 7. Bb5 Bd7 8. Bf4 a6 9. Bxc6 Bxc6 10. Nbd2 Nf6 11. e5 Bxf3 12. gxf3 Nd5 13. Bg3 Nb4 14. Kd1 e6 15. Nb3 d3 16. Bf4 b6 17. a3 Nc2 18. Rc1 Rc8 19. Nd4 Rc4 20. Nxc2 dxc2+ 21. Kd2 Rxf4 22. Ke3 Rf5 23. Ke4 Bc5 24. b4 Bxf2 25. Rxc2 Bh4 26. Rc8+ Bd8 27. Rd1 Ke7 28. Ra8 a5 29. Ra7+ Ke8 30. Rdd7 Bh4 31. bxa5 bxa5 0-1

[Event "Creon op 14th"]
[Site "Creon"]
[Date "2009.07.27"]
[Round "1"]
[White "Loyarte, Frederic"]
[Black "Drochon, Francois"]
[Result "0-1"]
[WhiteElo "1536"]
[BlackElo "1723"]
[PlyCount "46"]
[EventDate "2009.07.27"]
[EventType "swiss"]
[EventRounds "9"]
[EventCountry "FRA"]
[SourceTitle "CBM 131 Extra"]
[Source "ChessBase"]
[SourceDate "2009.09.03"]
[SourceVersion "2"]
[SourceVersionDate "2009.09.16"]
[SourceQuality "1"]

1. d4 Nf6 2. c4 e6 3. Nc3 b6 4. Nf3 Bb7 5. Bg5 Be7 6. e3 0-0 7. Bd3 d6 8. 0-0 Nbd7 9. e4 d5 10. cxd5 exd5 11. e5 Ne4 12. Bxe7 Qxe7 13. Qc2 f5 14. exf6 Ndxf6 15. Rfe1 Rae8 16. Nd2 Qb4 17. Ndxe4 dxe4 18. Nxe4 Bxe4 19. Bxe4 Nxe4 20. Rxe4 Rxe4 21. Qxe4 Qxb2 22. Qd5+ Kh8 23. Re1 Qxf2+ 0-1

[Event "FRA-chT4 0001"]
[Site "Niort"]
[Date "2001.03.11"]
[Round "7"]
[White "Marchais, Aurelie"]
[Black "Loyarte, Frederic"]
[Result "1-0"]
[WhiteElo "1480"]
[BlackElo "1170"]
[PlyCount "47"]
[EventDate "2000.10.15"]
[EventType "team"]
[EventRounds "7"]
[EventCountry "FRA"]
[SourceTitle "EXT 2007"]
[Source "ChessBase"]
[SourceDate "2006.11.23"]
[SourceVersion "1"]
[SourceVersionDate "2006.11.23"]
[SourceQuality "1"]

1. f4 d5 2. Nf3 Nf6 3. e3 Nc6 4. Bb5 Bd7 5. 0-0 a6 6. Bxc6 Bxc6 7. b3 g6 8. Bb2 Bg7 9. d3 0-0 10. Qe1 Qd6 11. Nbd2 Nd7 12. Bxg7 Kxg7 13. Qg3 f6 14. Nh4 f5 15. Ndf3 d4 16. Nxd4 Qf6 17. Nhxf5+ Kg8 18. Nh6+ Kg7 19. Qg5 Qxg5 20. fxg5 Ne5 21. Ne6+ Kh8 22. Rxf8+ Rxf8 23. Nxf8 Kg7 24. Ne6+ 1-0